| 000 | 00360 a2200145 4500 | ||
|---|---|---|---|
| 999 |
_c12368 _d12368 |
||
| 003 | OSt | ||
| 005 | 20240116145355.0 | ||
| 008 | 240116b ||||| |||| 00| 0 eng d | ||
| 020 | _a9781864708974 | ||
| 082 |
_a724.6 _bFEI |
||
| 100 | _aFei, Yu | ||
| 245 | _aLe Corbusier public architecture 80 | ||
| 260 |
_bImages Publishing Group Pty Ltd _c2021 |
||
| 942 | _2ddc | ||